| 000 | 02444nam0a22003851 4500 | ||
|---|---|---|---|
| 001 | RU\NLR\A1\26151 | ||
| 005 | 20251203152403.2 | ||
| 035 | _a(NLR Aleph) 009680470 | ||
| 090 |
_a9699758 _c9699758 |
||
| 100 | _a19990818d1742 u y0rusy50 ca | ||
| 101 | 2 |
_arus _ager |
|
| 102 | _aRU | ||
| 200 | 1 |
_aИзображение и изъяснение фейэрверка и иллуминации _eКоторые апреля 25 дня 1742 году по благополучно совершившемся высоком помазании и короновании ея величества всепресветлейшия, державнейшия, великия и непобедимыя государыни Елисаветы Петровны императрицы и самодержицы всероссийския и прочая, и прочая, и прочая, при прочих публичных увеселениях пред домом ея императорскаго величества в Москве зажжены были |
|
| 210 |
_a[СПб.] _cПеч. при Имп. Акад. наук _d[1742] |
||
| 215 |
_a[8] с., 1 л. ил. _d2° |
||
| 303 | _aЗагл. и текст парал. на рус. и нем. яз. | ||
| 304 | _aАвт. плана и описания фейерверка был Я.Я.Штелин, который руководил в Москве проектированием и организацией коронац. празднеств | ||
| 305 | _aНапеч. также в газ.:Примечания к Ведомостям. 1742. Ч.47 и 48 (10.VI). С.185-192 | ||
| 310 | _aТираж описания - 1000 экз., тираж грав. - 600 экз. | ||
| 321 | 1 | _aСК XVIII 8469 | |
| 620 | _dСанкт-Петербург | ||
| 700 | 1 |
_aШтелин _bЯ. Я. _f1709-1785 _gЯков Яковлевич _4070 |
|
| 702 | 0 |
_6z01790 _aЕлизавета Петровна _cимператрица российская _f1709-1762 _3RU\NLR\AUTH\778655 _4420 |
|
| 712 | 0 | 2 |
_aАкадемическая типография _cСанкт-Петербург _4610 |
| 790 | 0 |
_6z01702 _aЕлиcавета Петровна |
|
| 801 | 0 |
_aRU _bNLR _c19990818 |
|
| 852 |
_aNLR _j13.XV.1.230 |
||
| 899 | _aЗНБ СГУ | ||
| 899 |
_aБАН _yБез ил. |
||
| 899 | _aГПИБ | ||
| 899 |
_aРГБ _yБез ил. |
||
| 942 | _cBOOK | ||
| 980 | _aNB | ||
| 980 | _aA1XVIIIv | ||